00543nam a2200181 a 4500041000800000100003000008245005800038260006100096300001000157650001200167650001800179650001800197700003000215700003200245700003000277700003600307700001800343 aspa aBarajas Villamizar, Leidy aMonografía de SiongamuchilabJusticia secunda vahl. aBogotábFundación Universitaria Juan N. Corpasc2007 a32 p. aPlantas aFitoquímica aToxicología aHerreño Mosquera, Nancy aLópez Acero, Oscar Javier aPombo Ospina, Luis Miguel aMejía Piñeros, Antonio Luis aSalama, Ahmed